Political pressure and information bias in arrests hearings in Mexico City

The initial hearings of the criminal justice system are a space where, when deciding on the legality of detention, the police power to arrest people can be evaluated. This study analyses the control of detention in the criminal justice system of Mexico City based on two dimensions that have an impac...

Ausführliche Beschreibung

Gespeichert in:  
Bibliographische Detailangaben
VerfasserInnen: Silva Forné, Carlos (Verfasst von) ; Armesto, Alejandra (Verfasst von)
Medienart: Elektronisch Aufsatz
Sprache:Englisch
Veröffentlicht: 2024
In: International journal of law, crime and justice
Jahr: 2024, Band: 78, Seiten: 1-14
Online-Zugang: Volltext (lizenzpflichtig)
Volltext (lizenzpflichtig)
Verfügbarkeit prüfen: HBZ Gateway
Schlagwörter:

MARC

LEADER 00000naa a22000002c 4500
001 1915079748
003 DE-627
005 20250117152942.0
007 cr uuu---uuuuu
008 250117s2024 xx |||||o 00| ||eng c
024 7 |a 10.1016/j.ijlcj.2024.100676  |2 doi 
035 |a (DE-627)1915079748 
035 |a (DE-599)KXP1915079748 
040 |a DE-627  |b ger  |c DE-627  |e rda 
041 |a eng 
084 |a 2,1  |2 ssgn 
100 1 |a Silva Forné, Carlos  |e VerfasserIn  |4 aut 
245 1 0 |a Political pressure and information bias in arrests hearings in Mexico City  |c Carlos Silva Forné, Alejandra Armesto 
264 1 |c 2024 
300 |b Illustrationen 
336 |a Text  |b txt  |2 rdacontent 
337 |a Computermedien  |b c  |2 rdamedia 
338 |a Online-Ressource  |b cr  |2 rdacarrier 
500 |a Literaturverzeichnis: Seite 13-14 
520 |a The initial hearings of the criminal justice system are a space where, when deciding on the legality of detention, the police power to arrest people can be evaluated. This study analyses the control of detention in the criminal justice system of Mexico City based on two dimensions that have an impact on the better or worse protection of the rights of detainees by the police. The first, an informative dimension about the reconstruction of the "facts", the second, a political-normative dimension derived from the punitive context in which the justice system is questioned for releasing "criminals". Based on the observation of 776 initial hearings in criminal courts in Mexico City and interviews with judicial officials, we analyze 1. the balance of the information entered regarding detention; and 2. the difference in the result of detention control between priority crimes of public security policy versus other crimes. The results indicate that: a) the facts of a detention are reconstructed with a clear bias towards the views of police and prosecutors; and b) when dealing with crimes that are a priority for the city's crime policies, a detention is less likely to be declared illegality. 
650 4 |a Arrest hearing 
650 4 |a Criminal Justice 
650 4 |a Police 
650 4 |a Police arrests 
650 4 |a Political context 
700 1 |a Armesto, Alejandra  |e VerfasserIn  |4 aut 
773 0 8 |i Enthalten in  |t International journal of law, crime and justice  |d Oxford : Elsevier, 2008  |g 78(2024), Artikel-ID 100676, Seite 1-14  |h Online-Ressource  |w (DE-627)559427743  |w (DE-600)2412511-8  |w (DE-576)278242537  |x 1756-0616  |7 nnas 
773 1 8 |g volume:78  |g year:2024  |g elocationid:100676  |g pages:1-14 
856 4 0 |u https://doi.org/10.1016/j.ijlcj.2024.100676  |x Resolving-System  |z lizenzpflichtig  |3 Volltext  |7 1 
856 4 0 |u https://www.sciencedirect.com/science/article/pii/S1756061624000284  |x Verlag  |z lizenzpflichtig  |3 Volltext  |7 1 
951 |a AR 
ELC |a 1 
LOK |0 000 xxxxxcx a22 zn 4500 
LOK |0 001 4653569126 
LOK |0 003 DE-627 
LOK |0 004 1915079748 
LOK |0 005 20250117152434 
LOK |0 008 250117||||||||||||||||ger||||||| 
LOK |0 040   |a DE-21-110  |c DE-627  |d DE-21-110 
LOK |0 092   |o n 
LOK |0 852   |a DE-21-110 
LOK |0 852 1  |9 00 
LOK |0 935   |a krzo 
LOK |0 939   |a 17-01-25  |b l01 
ORI |a SA-MARC-krimdoka001.raw